000 00800nas a2200265Ia 4500
001 A10/R201-39710
003 IT-MiCISF
008 161014c99999999xx |||||||||||| ||und||
040 _aIT-MiCISF
_cIT-MiCISF
041 _aITALIANO
100 _aOlearo Franco
210 _aStudi cattolici
222 _aStudi cattolici
245 0 _aSull'origine psichica dell'omosessualità
250 _a1a ed.
260 _c2004
501 _bCISF - Centro Internazionale Studi Famiglia - Via Giotto, 36 20145 MILANO (non commercial uses only)
_cCopyright 2016
300 _app. 392-397
362 _an. 519, maggio [2004]
500 _a Tema: omosessualità, chiesa, fede
650 _asessualità
_varticolo
700 _a Van den Aardweg Gerard
942 _cCR
957 _71
999 _a39710
_bSi
_g1
_c243764
_d243764